Loading...
| Any History | 8 | 15.00 | 100% | 38% | 13% |
| Current Events | 4 | 15.00 | 100% | 50% | 0% |
| Fine Arts - Classical Music | 7 | 10.00 | 100% | 0% | 0% |
| Fine Arts - Other Fine Arts | 5 | 8.00 | 60% | 20% | 0% |
| Geography | 5 | 10.00 | 80% | 20% | 0% |
| History - American History | 5 | 16.00 | 100% | 60% | 0% |
| History - European History | 4 | 10.00 | 75% | 25% | 0% |
| History - World History | 7 | 11.43 | 100% | 14% | 0% |
| Literature - American Literature | 8 | 10.00 | 88% | 13% | 0% |
| Literature - British Literature | 6 | 15.00 | 100% | 50% | 0% |
| Literature - European Literature | 8 | 13.75 | 100% | 38% | 0% |
| Literature - World Literature | 7 | 17.14 | 86% | 57% | 29% |
| Mythology | 3 | 16.67 | 100% | 33% | 33% |
| Other Academic | 6 | 13.33 | 100% | 33% | 0% |
| Painting & Sculpture | 7 | 10.00 | 86% | 14% | 0% |
| Philosophy | 5 | 10.00 | 80% | 20% | 0% |
| Religion | 6 | 11.67 | 100% | 0% | 17% |
| Science - Biology | 11 | 13.64 | 100% | 36% | 0% |
| Science - Chemistry | 7 | 18.57 | 100% | 71% | 14% |
| Science - Other Science | 5 | 6.00 | 60% | 0% | 0% |
| Science - Physics | 8 | 15.00 | 88% | 50% | 13% |
| Social Science | 10 | 16.00 | 100% | 50% | 10% |